| 000 | 00368nam a22001337a 4500 | ||
|---|---|---|---|
| 003 | NUST | ||
| 082 | _a891.4392,HIJ | ||
| 100 |
_aHijazi, Naseem _951835 |
||
| 245 |
_aShaheen / شاہین (Urdu) / _cNaseem Hijazi |
||
| 260 |
_aLahore _bJahanger Books |
||
| 300 | _a527 p.; | ||
| 650 |
_aUrdu Literature _xNovel Badr bin Mughira _9110188 |
||
| 942 |
_2ddc _cBK _k891.4392,HIJ |
||
| 999 |
_c592911 _d592911 |
||